000 02139nam a22002417a 4500
008 250625b |||||||| |||| 00| 0 eng d
020 _a9781473602373
040 _ctbs
041 _aeng
_aspa
100 _aKattán-Ibarra, Juan
_925337
_eauthor
245 _aSpanish tutor
_b: grammar and vocabulary workbook
_c/ Juan Kattán-Ibarra and Angela Howkins.
260 _aLondon :
_bTeach Yourself : John Murray Learning : Hodder & Stoughton,
_c2015.
300 _axxx, 316 pages :
_billustrations ;
_c25 cm.
490 _aTeach yourself
505 _a200 activities across a range of grammar and vocabulary points — Unique visuals and infographics for extra context and practice — Personal tutor hints and tips to help you to understand language rules and culture points — Learn to learn section offers tips and advice on how to be a good language learner.
520 _aDo you want to communicate easily and freely in Spanish? Master Spanish grammar and broaden your vocabulary with your very own Spanish Tutor. This contemporary interactive workbook features 200 activities across a range of grammar and vocabulary points with clear goals, concise explanations, and real-world tasks. By studying and practicing Spanish grammar you'll understand how the language really works and be able to speak Spanish with clarity and ease. What will I learn? The Spanish Tutor: Grammar and Vocabulary Workbook covers a comprehensive range of the most useful and frequent grammar and vocabulary in Spanish. You can follow along unit by unit, or dip in and dip out to address your weak areas. As you progress, you will be introduced to new vocabulary and combine it with the grammar to complete extensive exercises. You will then practice the language through authentic reading and writing practice. You will achieve a solid upper intermediate level* of Spanish grammar.
650 0 _aSpanish language
_xSelf-instruction
_925339
650 0 _aSpanish language
_xGrammar
_910270
655 0 _aSelf-instruction
_924883
655 0 _aInstructional and educational works
_923270
700 _aHowkins, Angela
_925582
_eauthor
942 _2lcc
999 _c4795
_d4795